BIBLIOTHÈQUE DE LA MAISON DU MEXIQUE

Logo 1 Logo 2

Diccionario bio-bibliográfico de escritores de México nacidos entre 1920 y 1970 (notice nᵒ 985)

détails MARC
000 -Sello discográfico
campo de control de longitud fija 00991nam a2200301 4500
005 - Identificación de versión
campo de control 20251016082539.0
010 ## - Número Estándar Internacional de Libros (ISBN)
Número (ISBN) 968-29-6064-9
035 ## - Otros números de control del sistema
Número de control del sistema 21715
099 ## - fechas locales
Tipo de ítem Koha LIBRO
100 ## - Datos de procesamiento general
Datos de procesamiento general 19960725d19941993m y1spay5003 ba
105 ## - Campo de datos codificados: Material textual, monográfico
Datos codificados de monografía y 001zb
200 1# - Título y mención de responsabilidad
Título propio Diccionario bio-bibliográfico de escritores de México nacidos entre 1920 y 1970
Designación general del material texto impreso
Primer mención de responsabilidad Compilación Josefina Lara Valdez, Russell M. Cluff
205 ## - Declaración de edición
Declaración de edición 2a ed corregida y aumentada
210 ## - Publicación, distribución, etc.
Lugar de publicación, distribución, etc. México
Nombre del editor, distribuidor, etc. Instituto Nacional de Bellas Artes : Brigham Young University
Fecha de publicación, distribución, etc. 1994
215 ## - Descripción física
Designación de material específico y extensión del ítem 458 p
Dimensiones 23 cm
345 ## - Nota de información de adquisición
Fuente de adquisición/dirección de la suscripción [OBSOLETO] Donación del INBA
606 ## - Término temático usado como materia
Elemento de entrada Autores mexicanos
Subdivisión temática Diccionarios
Número Koha 2653
660 ## - Código de área geográfica
Código MX
702 ## - Nombre personal - Responsabilidad secundaria
Elemento de entrada Cluff
Parte del nombre distinta del elemento de entrada Russell M
Número Koha 2654
702 ## - Nombre personal - Responsabilidad secundaria
Elemento de entrada Lara Valdez
Parte del nombre distinta del elemento de entrada Josefina
Número Koha 2655
801 #0 - Fuente de origen
Agencia cm
900 ## -
-- 1/12690
900 ## -
-- 710962183\\250796
942 ## - ELEMENTOS DE ENTRADA SECUNDARIOS (KOHA)
Tipo de ítem Koha Livre
996 ## -
-- MEX
-- 751145101
-- MMAG
-- 005668
-- 860.4 D547
-- 20211228LIV
Exemplaires
Estatus retirado Estado de daño Estado de pérdida Fecha de adquisición Biblioteca de origen Biblioteca actual Ubicación en estantería Código de barras Precio de reemplazo Signatura topográfica completa No para préstamo Tipo de ítem Koha Nota pública Nota no pública
      05/08/2025 Casa México Paris Casa México Paris   005668 05/08/2025 860.4 D547   Livre 20211228LIV 751145101